000 nam a22 7a 4500
999 _c8972
_d8972
005 20200413041756.0
008 200413b xxu||||| |||| 00| 0 eng d
020 _a9781782493372
_bpaperback
040 _beng
_cAPEC Schools Library
_erda
082 _aC 158.1
_bSt844s 2016
100 _aStevens, Michelle
245 _aThe Soul's agenda : the inner self waits patiently until we are ready to discover it /
_cMichelle Stevens
264 _aNew York, NY :
_bCICO Books,
_c©2016.
300 _a128 pages :
336 _2rdacontent
_atext
337 _2rdamedia
_aunmediated
338 _2rdacarrier
_avolume
650 _aSpirit writings.
650 _aSelf-actualization (Psychology).
650 _aSelf-help techniques.
942 _2ddc
_cNFIC